MDQL
is popping MORE tags! Check the
thread
!
Quizzes
Events
Quiz Creation
Community
Videos
Private Events
Remove Ads
Sign In
Join for FREE
Feedback
Dark Mode
Quiz Categories
Sports
Geography
Music
Movies
Television
Just For Fun
Miscellaneous
History
Literature
Language
Science
Gaming
Entertainment
Religion
Holiday
For Kids
Quiz Lab
Recent
Popular Today
Quiz Kudos Today
Editor Picks
Curator Picks
Quizzes by...
Day
Popularity
Type
Ratings
Length
Year
Community
Subscriptions
Recent Discussions
Orange Saloon
Badges
Playlists
Quests
Create
Leaderboards
Showdown
Live 5
Trivia Bingo
Activity
Puzzle Library
Sporcle Events
Private Events
Virtual Trivia
Globe League
Become a Host
Pub Owners
SporcleCon
Opinionation
Our Games
Videos
Blog
Mobile Apps
Partnerships
Remove Ads and Go Orange
Feedback
Sports
Athletes
MLB
NBA
NHL
NFL
Soccer
Sports Teams
WWE
NCAA
Football
Premier League
Basketball
Baseball
Hockey
Golf
Tennis
Cricket
Rugby
Auto Racing
Olympics
World Cup
Sports
Athletes
MLB
NBA
NHL
NFL
Soccer
Sports Teams
WWE
NCAA
Football
Premier League
Basketball
Baseball
Hockey
Golf
Tennis
Cricket
Rugby
Auto Racing
Olympics
World Cup
Random Quiz
Search Sporcle
×
Quiz Lab
Quiz Lab
Sports
MLB
Type in answers that appear in a list
Type in answers that appear in a list
Classic
Best Score? Go Orange.
MLB Who Wants to be a Millionaire Stats
Can you name the correct answers to the questions to win $1,000,000?
By
MetsJetsKnicks
10m
15 Questions
5,674 Plays
5,674 Plays
5,674 Plays
Comments
Comments
Give Quiz Kudos
Give Quiz Kudos
-
- Ratings
hide this ad
More Info
No Skip
Answers have to be entered in order without skipping
Answers have to be entered in order without skipping
Minefield
Wrong answers will end the quiz
Wrong answers will end the quiz
Wrong Answers
Some wrong answers will appear in red
Some wrong answers will appear in red
Replay
Link that replays current quiz
Next Quiz
Link to next quiz in quiz playlist
You Got
0%
They Got
Avg Score
44%
Avg Friend Score
Upgrade to see
Score Distribution
Jump to the score distribution portion of the page
Score
0/15
Timer
10:00
0
Plays Today
Question
Answer
% Correct
?
???
100%
?
???
96.4%
?
???
87.5%
?
???
82%
?
???
59.7%
?
???
57.4%
?
???
40.7%
?
???
39.6%
Question
Answer
% Correct
?
???
28%
?
???
24.7%
?
???
21.5%
?
???
12.3%
?
???
10.9%
?
???
8.1%
?
???
5.3%
Quiz Playlist
Details
Report
Send in Message
Add To Playlist
More Info:
If there are any mistakes feel free to comment on them
Classic:
Type in answers that appear in a list
No Skip:
Answers have to be entered in order without skipping
Minefield:
Wrong answers will end the quiz
Wrong Answers:
Some wrong answers will appear in red
Quiz Source
Last Updated: Feb 16, 2017
Quiz Scoreboard
CHALLENGE
Sign Up to Join the Scoreboard
Show All
Scores
Hide
Comments
May contain spoilers
Recently Published
Find the 'City' Movie
by crazypaving
Movies
60s
5x2 Blitz: Bands
by SL_Kpop136
Music
30s
Colored Red Africa Blitz
by spor1
Geography
30s
More to Explore
Quiz From the Vault
Featured Blog Post
14 Easter Pick-up Lines to Find Eggs With
hide this ad
You Might Also Like...
Tags
Baseball Quiz
MLB Quiz
become
millionaire
Money
Money Competitors
Money Leaders
One Million
Sports Franchise
Sports History
Today's Top Quizzes in Sports
Browse Sports
hide this ad
Today's Top Quizzes in MLB
Browse MLB
Top Contributed Quizzes in Sports
1
Players with Multiple 50 Home Run Seasons
2
Who Needs Fielders?
3
Criteria MLB: Left Handed Sluggers
4
MLB Players with Two .350 Batting Average Seasons
5
Who Hit More Homers?
6
2020 F1 Drivers Logic Puzzle
7
NBA Teammate Connections
8
Premier League Clubs since 2000 (minefield)
9
MLB Teams by First Game
10
Top 10 NHL Goal Scorers of All Time
Explore More
Trending Topics
Kpop
Crossword
Harry Potter
Disney
NBA
Marvel
Anime
The Office
Puzzle
Pokémon
Song
Soccer
WWE
NFL
Country
hide this ad
More By:
MetsJetsKnicks
Quiz
Plays
Rating
Category
Featured
Created
Soccer Player Grid
157,993
4.47
Sports
Jan 26, 2023
Premier League Scorers by Continent
82,250
4.33
Sports
Jun 6, 2017
College Football Team States
48,909
4.80
Sports
Dec 7, 2019
Soccer Grid II
41,423
5.00
Sports
Jan 27, 2023
Multi-Sport Draftees
39,751
4.70
Sports
Mar 28, 2023
Go to Creator's Profile
Score Distribution
Quiz Creator Spotlight
MetsJetsKnicks
Follow
Send a Message
Quizzes Created
-
Created Quiz Play Count
-
More By This Creator
Popular Quizzes Today
1
5x2 Blitz: Bands
2
Find the 'City' Movie
3
Colored Red Africa Blitz
4
Find the US States - No Outlines Minefield
5
The Countries of the World
6
Find the US States
7
9x9 Crossword: Cartoon Network
8
US States
More Sports Quizzes
Antonio Brown's 2019 Teams
Published
Trending Quizzes
Colored Red Africa Blitz II
Colored Red Europe Blitz I
Christmas Pick: Judaism
Colored Red Africa Blitz III
Colored Red Europe Blitz II
Recently Updated
Champions League XIs: Real Madrid
pecheneg
Largest US Cities 1790-2010
pecheneg
Rides in Walt Disney World
pecheneg
Most Oscar Losses (Acting)
pecheneg
Beyoncé Albums
pecheneg
Leaping Animals
pecheneg
Reality TV Shows (A-Z)
bhenderson79
Rickey Henderson's Hall of Fame Teammates
pecheneg
Champions League XIs: Arsenal
pecheneg
Quick Pick: Celebrities in WWE's Hall of Fame
aduchscher
Trending Topics
Crossword
Marvel
Harry Potter
NBA
Disney
Anime
Kpop
Puzzle
Soccer
Song
The Office
WWE
NFL
Country
Pokémon
Your Account Isn't Verified!
In order to create a playlist on Sporcle, you need to verify the email address you used during registration. Go to your
Sporcle Settings
to finish the process.
Report this User
Report this user for behavior that violates our
Community Guidelines
.
Details:
Send Report
Go to the Sporcle.com Mobile Site →
Comments